000 00649nam a2200241 a 4500
001 nice12345678
003 IN_TiNIC
005 20260116012211.0
008 050524s0000 bria grp 000 0 eng
020 _a
_c100
082 0 0 _a305.6297041
_bSAN
100 _aSanneh, L O
245 _aMuslim Community in Britain
_b Religious Factor in British Immigration: Repor
260 _aBritain
_bBritish Council of Churches and the Conf
_c0000
300 _a28p.
500 _aincludes index and biblioraphy
505 2 _acyclostyled
650 _aMuslims-Britain
700 1 _aSanneh, L O
902 _bRBA
942 _cBK
999 _c6048
_d6048